ბათუმის შოთა რუსთაველის სახელმწიფო უნივერსიტეტის ბიბლიოთეკა

Осетины Грузии : (ბიბ.ჩანაწერი № 49230)

000 -LEADER
fixed length control field 00868nam a2200217Ia 4500
001 - CONTROL NUMBER
control field 16142
003 - CONTROL NUMBER IDENTIFIER
control field GE_BSU
005 - DATE AND TIME OF LATEST TRANSACTION
control field 20241226113744.0
008 - FIXED-LENGTH DATA ELEMENTS--GENERAL INFORMATION
fixed length control field 181216s2015||||ru |||||||||||||| ||rus||
040 ## - CATALOGING SOURCE
Transcribing agency GE_BSU
080 ## - UNIVERSAL DECIMAL CLASSIFICATION NUMBER
Universal Decimal Classification number 94(=221.18)(479.22) O-728
245 ## - TITLE STATEMENT
Statement of responsibility, etc. Автор проекта Омар Гогиашвили ; Научн. ред. Мариам Лорткипанидзе.
Title Осетины Грузии :
Remainder of title Сборник /
264 ## - PRODUCTION, PUBLICATION, DISTRIBUTION, MANUFACTURE, AND COPYRIGHT NOTICE
Place of production, publication, distribution, manufacture Тбилиси :
Name of producer, publisher, distributor, manufacturer Универсал,
Date of production, publication, distribution, manufacture, or copyright notice 2015.
300 ## - PHYSICAL DESCRIPTION
Extent 398 стр. :
Other physical details 5 л. карт., 10 л. табл. ;
Dimensions 20 см.
500 ## - GENERAL NOTE
General note წიგნს ახლავს დანართი
500 ## - GENERAL NOTE
General note ბიბლიოგრაფია სტატიების ბოლოს
653 ## - INDEX TERM--UNCONTROLLED
keyword Осетины Грузии
653 ## - INDEX TERM--UNCONTROLLED
keyword Сборник
653 ## - INDEX TERM--UNCONTROLLED
keyword ისტორია
942 ## - ADDED ENTRY ELEMENTS (KOHA)
Koha item type წიგნი
Source of classification or shelving scheme
ეგზემპლარები
Withdrawn status Lost status Source of classification or shelving scheme Damaged status Not for loan Permanent Location Current Location Shelving location Date acquired Full call number Barcode Date last seen Copy number Price effective from Koha item type
          ბათუმის შოთა რუსთაველის სახელმწიფო უნივერსიტეტის მთავარი ბიბლიოთეკა ბათუმის შოთა რუსთაველის სახელმწიფო უნივერსიტეტის მთავარი ბიბლიოთეკა წიგნსაცავი 2018-12-17 94(=221.18)(479.22) O-728 27536 2018-12-17 27536 2018-12-17 წიგნი